000
00343pab a2200145 454500
008
180718b2002 xxu||||| |||| 00| 0 eng d
100
_a
Martis, Clifford
245
_a
Creativity : a vital tool for management
260
_c
2002
300
_a
p.M-4.
362
_a
13 Mar
650
_a
Management
773
_a
Deccan Herald
909
_a
52721
999
_c
52721
_d
52721